00501cam a22001931 4500001001300000003000400013005001700017008004100034010001700075035002000092040001700112042001200129050001600141100001200157245005800169260003700227300002600264999001700290sa 68001488 DLC20260227112434.0970405s1967 io a 000 1 ind  asa 68001488  a(OCoLC)36682969 aDLCcWUdDLC apremarc00aPZ90.I5bD50 aDjavid.10aBidji semangka emas;bbatjaan anak² umur 9-12 tahun. aDjakarta,bBalai Pustaka,c1967. a92 p.billus.c20 cm. c77991d77991